| 000 | 00949cam a2200217 4500 | ||
|---|---|---|---|
| 001 | WB3813-20 | ||
| 008 | 020409n2002 000 0 eng u | ||
| 035 | _a(Sirsi) u117413 | ||
| 245 | _aFaster calls in planned | ||
| 260 | _c2002 | ||
| 490 |
_aDTLR News Release _v(2002/0127) 25 March 2002, (2) |
||
| 520 | _aTough new performance targets have been set for the Planning Inspectorate in 2002-2003. These cover timeliness for planning, enforcement, called-in and recovered appeals and development plan inquiries. The quality target is 99% of the Inspectorate's casework to be free from justified complaint. http://www.press.dtlr.gov.uk/pns/DisplayPN.cgi?pn_id=2002_0127 | ||
| 590 | _aWB | ||
| 650 | _aPLANNING APPEALS | ||
| 650 | _aENFORCEMENT APPEALS | ||
| 650 | _aCALLED-IN APPEALS | ||
| 650 | _aRECOVERED APPEALS | ||
| 650 | _aPLANNING INQUIRIES | ||
| 690 | _aENVIRONMENTAL AND LAND CONSULTANCY-PLANNING AND DEVELOPMENT | ||
| 942 | _n0 | ||
| 999 |
_c69945 _d69945 |
||